000
00332 a2200157 4500
001
179738
020
_a
040
_c
Magnum
100
_a
Iacocca, Liliana
240
1
0
_a
As andorinhas turistas
_l
por
245
1
0
_a
As andorinhas turistas
362
0
_a
1899
440
1
_a
Ática
697
_a
MAGNITO: IJ/ANIMAIS
942
_c
BK
999
_c
179738
_d
179738